Normal view
MARC view
- J.J. Sakurai, JimJ. Napolitano
Entry Personal Name
001 - CONTROL NUMBER
- control field: 10513
003 - CONTROL NUMBER IDENTIFIER
- control field: NUST
005 - DATE AND TIME OF LATEST TRANSACTION
- control field: 20180525044937.0
008 - FIXED-LENGTH DATA ELEMENTS
- fixed length control field: 180525|| aca||aabn | a|a d
040 ## - CATALOGING SOURCE
- Original cataloging agency: NUST
- Transcribing agency: NUST
100 ## - HEADING--PERSONAL NAME
- Personal name: J.J. Sakurai, JimJ. Napolitano
670 ## - SOURCE DATA FOUND
- Source citation: Work cat.: (NUST): J.J. Sakurai, JimJ. Napolitano , Modern Quantum Mechanics , 2014
